000 00467nam a2200181Ia 4500
008 151018s9999 xx 000 0 und d
082 _bRBASDV15646
_a891.433
100 _aगुलजार
245 _aफरार
250 _b1
260 _bहिंद पॉकेट बुक्स
_c1982
300 _a141
600 _aगुलजार
630 _aफरार
700 _aगुलजार
730 _aफरार
942 _cBOOK
999 _c1016372
_d1016369